Zahraničná politika
Zahraničná politika je nástupkyňa Listov SFPA, ktoré vychádzali od roku 1997
Salvato in:
| Natura: | Periodico |
|---|---|
| Lingua: | slovacco |
| Pubblicazione: |
Bratislava
Výskumné centrum SFPA
|
| Soggetti: | |
| Tags: |
Nessun Tag, puoi essere il primo ad aggiungerne!!
|
MARC
| LEADER | 00000nas1a2200000$$$4500 | ||
|---|---|---|---|
| 001 | 0111863 | ||
| 005 | 20231018094929.5 | ||
| 022 | |a 1336-7218 | ||
| 022 | |a 1339-8121 | ||
| 041 | 0 | |a slo | |
| 044 | |a SK | ||
| 245 | 1 | 0 | |a Zahraničná politika |
| 264 | 1 | |a Bratislava |b Výskumné centrum SFPA | |
| 500 | |a Od roku 2013 iba online ako portál o medzinárodných vzťahoch, bezpečnosti a ekonomike | ||
| 520 | |a Zahraničná politika je nástupkyňa Listov SFPA, ktoré vychádzali od roku 1997 | ||
| 610 | 2 | 0 | |a politika zahraničná |
| 610 | 2 | 0 | |a vzťahy medzinárodné |
| 610 | 2 | 0 | |a Slovensko |
| 610 | 2 | 0 | |a politika hospodárska |